000 00408nam a2200157Ia 4500
003 IQ-KOUCL
041 _aKurdish
082 _a810,811 cut-229 ق
100 _a20260118u\\\\\\\\\\\y0engy0103\\\\ba
100 _aنزار قباني
245 0 _aحبيبتى - شعر -
250 _aچ1
260 _bمنشورات نزار قباني
_aبيروت - لبنان
_c1981
300 _a158
942 _cBk
999 _c186940
_d186940